Основы прикладной геостатистики: пер. с фр.

Bibliographic Details
Main Author: Матерон Ж. Жорж
Corporate Author: Роснефть
Summary:Монография представляет изложение фундаментальных основ геостатистики как математической теории разведки и оценки месторождений полезных ископаемых, созданной Ж. Матероном в начале шестидесятых годов XX века и в настоящее время получившей широкое распространение в связи с развитием компьютерных технологий обработки информации. Монография разделена автором на три книги. В первой книге изложен математический аппарат, лежащий в основе геостатистики. Во второй приведено описание методов геостатистики в частных случаях, когда приближенно известен характер пространственной изменчивости геологического признака, рассмотрен вопрос о выборе характера изменчивости. В третьей книге рассмотрены вопросы экономического обоснования стратегии разведки и разработки месторождения с использованием геолого-статистических методов. Книга предназначена для специалистов, связанных с исследованием и моделированием месторождений полезных ископаемых, научных сотрудников, аспирантов, студентов.
Language:Russian
Published: Ижевск, Регулярная и хаотическая динамика, 2009
Series:Библиотека нефтяного инжиниринга
Subjects:
Format: Book
KOHA link:https://koha.lib.tpu.ru/cgi-bin/koha/opac-detail.pl?biblionumber=238140

MARC

LEADER 00000nam0a2200000 4500
001 238140
005 20231101231604.0
010 |a 9785939727716 
035 |a (RuTPU)RU\TPU\book\259322 
090 |a 238140 
100 |a 20130522d2009 k y0rusy50 ca 
101 1 |a rus  |c fre 
102 |a RU 
105 |a a z 001zy 
200 1 |a Основы прикладной геостатистики  |e пер. с фр.  |f Ж. Матерон  |g Роснефть 
210 |a Ижевск  |c Регулярная и хаотическая динамика  |a Москва  |c Институт компьютерных исследований  |d 2009 
215 |a 460 с.  |c ил. 
225 1 |a Библиотека нефтяного инжиниринга 
320 |a Библиогр.: с. 456-460. 
330 |a Монография представляет изложение фундаментальных основ геостатистики как математической теории разведки и оценки месторождений полезных ископаемых, созданной Ж. Матероном в начале шестидесятых годов XX века и в настоящее время получившей широкое распространение в связи с развитием компьютерных технологий обработки информации. Монография разделена автором на три книги. В первой книге изложен математический аппарат, лежащий в основе геостатистики. Во второй приведено описание методов геостатистики в частных случаях, когда приближенно известен характер пространственной изменчивости геологического признака, рассмотрен вопрос о выборе характера изменчивости. В третьей книге рассмотрены вопросы экономического обоснования стратегии разведки и разработки месторождения с использованием геолого-статистических методов. Книга предназначена для специалистов, связанных с исследованием и моделированием месторождений полезных ископаемых, научных сотрудников, аспирантов, студентов. 
606 1 |a Геология  |x Статистические методы  |2 stltpush  |3 (RuTPU)RU\TPU\subj\6107  |9 34066 
606 1 |a Геостатистика прикладная  |x Горное дело  |2 stltpush  |3 (RuTPU)RU\TPU\subj\6227  |9 34161 
610 1 |a транзитивные представления 
610 1 |a пространственные переменные 
610 1 |a геометрические переменные 
610 1 |a собственные схемы 
610 1 |a случайные функции 
610 1 |a оценка 
610 1 |a крайгинг 
610 1 |a схема де Вейса 
610 1 |a эффект самородков 
610 1 |a статистические распределения 
610 1 |a месторождения полезных ископаемых 
610 1 |a годовая добыча 
610 1 |a минимальное промышленное содержание 
610 1 |a оптимальная разведка 
675 |a 55:519.2  |v 3 
675 |a 622.1:55  |v 3 
700 1 |a Матерон  |b Ж.  |g Жорж 
712 0 2 |a Роснефть  |c Нефтяная компания  |c Открытое акционерное общество  |c (Москва)  |c (1993- )  |2 stltpush  |3 (RuTPU)RU\TPU\col\11516  |9 25142 
801 1 |a RU  |b 63413507  |c 20130522 
801 2 |a RU  |b 63413507  |c 20150521  |g RCR 
942 |c BK 
959 |a 92/20130522  |d 7  |e 650,00  |f ЧЗТЛ:1  |f АНЛ:1  |f УФ:5